Madonna Song Initials - Statistics

General Stats
  • This quiz has been taken 109 times
  • The average score is 11 of 20
Answer Stats
Initials Song % Correct
PDP Papa Don't Preach
85%
LAV Like a Virgin
83%
LAP Like a Prayer
82%
HU Hung Up
74%
MG Material Girl
64%
ITG Into the Groove
57%
CFY Crazy for You
56%
DCFMA Don't Cry for Me Argentina
54%
JML Justify My Love
52%
OYH Open Your Heart
51%
LIB La Isla Bonita
49%
EY Express Yourself
48%
LTT Live to Tell
45%
TAB Take a Bow
43%
DTM Don't Tell Me
42%
WIFLFAG What It Feels Like for a Girl
39%
DAD Die Another Day
37%
TUTBMP This Used to be My Playground
36%
LS Lucky Star
35%
DYU Dress You Up
27%
No matching quizzes found
Score Distribution
Percent of People with Each Score
Percentile by Number Answered
Your Score History
You have not taken this quiz